| 000 | 01556nac a22002777a 4500 | ||
|---|---|---|---|
| 003 | Co-PeBPM | ||
| 005 | 20240406173609.0 | ||
| 007 | ta | ||
| 008 | 240406s2023 |||||||| |||| 00| 0 spa d | ||
| 020 | _a9789584987976 | ||
| 040 |
_aCo-PeBPM _bspa _cCo-PeBPM _erda |
||
| 041 | _aspa | ||
| 082 | 0 | 4 |
_aCo863 Z94a _222 |
| 100 | 1 |
_aZuluaga Arango, Mélida _d1952- , _eautora |
|
| 245 | 1 | 4 |
_aA calzón quitao _b: novela _c/ Mélida Zuluaga Arango |
| 250 | _aPrimera edición | ||
| 260 |
_aPereira, Risaralda _b: Talleres Litografía Moderna, _c2023 |
||
| 300 |
_a114 páginas _c21 centímetros |
||
| 500 | _aIncluye índice | ||
| 520 | _aLos tiempos actuales, me impulsaron a recopilar comportamientos sexuales muy en boga, que a unos altera y a otros autoriza a vivir sin límites. A que molesta, ven como queda atrás la conquista, el romanticismo, los detalles llenos de amor, mientras que a los demás, los invita a poseer, a exhibir pasiones delirantes desbordadas con el sello de normales, activar la lujuria sin límites, despertar desesperadamente la lívido más tímida, buscar sensaciones de clímax salvaje, entrar a la obscenidad, vulgaridad, e irrespeto convirtiendo una entrega de dos cuerpos enardecidos en dos animales sin conciencia del acto sucio y deplorable que los violenta y deja marcados. Dentro de estas conjeturas surgen dramas reales con finales impensados. | ||
| 546 | _aspa | ||
| 650 | 1 | 4 |
_aLiteratura colombiana _2Lemb |
| 650 | 1 | 4 |
_aNovela colombiana _2Lemb |
| 942 |
_2ddc _cBK _n0 |
||
| 999 |
_c26726 _d26726 |
||